Normal view
MARC view
Entry Personal Name
001 - CONTROL NUMBER
- control field: 19142
003 - CONTROL NUMBER IDENTIFIER
- control field: ARRUPE
005 - DATE AND TIME OF LATEST TRANSACTION
- control field: 20150828103922.0
008 - FIXED-LENGTH DATA ELEMENTS
- fixed length control field: 150828|| aca||aabn | a|a d
040 ## - CATALOGING SOURCE
- Original cataloging agency: ARRUPE
- Transcribing agency: ARRUPE
100 ## - HEADING--PERSONAL NAME
- Personal name: Freeman, Jason
- Fuller form of name: (Jason Ryan)
670 ## - SOURCE DATA FOUND
- Source citation: Work cat.: (ARRUPE)0: Freeman, Daniel, 1971- 19140, Anxiety :, 2012.